| 000 | 00615nam a22001457a 4500 | ||
|---|---|---|---|
| 020 | _a978-0-671-03870-0 | ||
| 082 |
_a823 _bDIX/H |
||
| 100 | _aDIXON, FRANKLIN W | ||
| 245 | _aTHE HARDY BOYS - A GAME CALLED CHAOS | ||
| 260 |
_aNEW YORK _bALADDIN PAPERBACKS _c2002 |
||
| 300 | _a148 | ||
| 520 | _aThe Hardys get a call for help from their friend Phil Cohen: seems his cousin, a project manager at a software company, can't find Steven Royal, the eccentric designer of the company's popular Chaos games. Is his disappearance a move in a deadly real-life game? | ||
| 650 |
_aMYSTERY STORY _zUNITED STATES |
||
| 942 | _cBK | ||
| 999 |
_c7804 _d7804 |
||